Jednoročné skúsenosti z bankrotov v Maďarsku. 2.

Konkurzné konania na započatie likvidácie hospodárskych organizácií s právnou subjektivitou v Maďarsku. Krátkodobá priemyselná politika - ochrana podnikov pred bankrotmi. Ekonomické a sociálne dopady bankrotov. Návrhy na novelizáciu zákona o bankrotoch.

Uložené v:
Podrobná bibliografia
Hlavný autor: Kálal, K.
Médium: Kapitola
Jazyk:Slovak
Predmet:
Tagy: Pridať tag
Žiadne tagy, Buďte prvý, kto otaguje tento záznam!

MARC

LEADER 00000naa a2200000 4500
001 r013730
005 20221129133911.8
041 0 |a slo 
044 |a CZ 
245 1 0 |a Jednoročné skúsenosti z bankrotov v Maďarsku. 2.  |c K. Kálal 
520 |a Konkurzné konania na započatie likvidácie hospodárskych organizácií s právnou subjektivitou v Maďarsku. Krátkodobá priemyselná politika - ochrana podnikov pred bankrotmi. Ekonomické a sociálne dopady bankrotov. Návrhy na novelizáciu zákona o bankrotoch. 
610 2 0 |a bankrot 
610 2 0 |a MR 
610 2 0 |a konkurzy 
610 2 0 |a zákony 
610 2 0 |a politika priemyselná 
610 2 0 |a 1991-1992 
610 2 0 |a údaje štatistické 
610 2 0 |a nezamestnanosť 
100 1 |a Kálal, K.